Faciltator's guide for a seminar on improving the quality of education (Record no. 1400314)
[ view plain ]
| 000 -LEADER | |
|---|---|
| fixed length control field | 00533nam a2200181Ia 4500 |
| 005 - DATE AND TIME OF LATEST TRANSACTION | |
| control field | 20250508170315.0 |
| 008 - FIXED-LENGTH DATA ELEMENTS--GENERAL INFORMATION | |
| fixed length control field | 008 250505s9999 xx 000 0 eng d |
| 037 ## - SOURCE OF ACQUISITION | |
| Stock number | Reference |
| 040 ## - CATALOGING SOURCE | |
| Original cataloging agency | FEDL |
| Language of cataloging | eng |
| Transcribing agency | FEDL |
| 041 ## - LANGUAGE CODE | |
| Language code of text/sound track or separate title | eng |
| Source of code | eng |
| 084 ## - COLON CLASSIFICATION NUMBER | |
| Classification number | 372, WOR |
| Assigning agency | FEDL |
| 245 #0 - TITLE STATEMENT | |
| Title | Faciltator's guide for a seminar on improving the quality of education |
| 245 #4 - TITLE STATEMENT | |
| Statement of responsibility, etc. | The World Bank. Afthr |
| 260 ## - PUBLICATION, DISTRIBUTION, ETC. | |
| Place of publication, distribution, etc. | Washington, USA |
| Name of publisher, distributor, etc. | The World Bank |
| Date of publication, distribution, etc. | 1995 |
| 300 ## - PHYSICAL DESCRIPTION | |
| Extent | vi,18p. |
| 942 ## - ADDED ENTRY ELEMENTS (KOHA) | |
| Koha item type | Reference |
| Classification part | 372, WOR |
| Withdrawn status | Lost status | Damaged status | Not for loan | Home library | Current library | Date acquired | Total Checkouts | Full call number | Barcode | Date last seen | Price effective from | Koha item type |
|---|---|---|---|---|---|---|---|---|---|---|---|---|
| Department of Education Library | Department of Education Library | 2025-05-08 | 372, WOR | EL0000E78 | 2025-05-08 | 2025-05-08 | Reference |
